000 00573nam a2200181 i 4500
001 17489
003 ES-MaACL
005 20230906151611.0
007 t|
008 010319s2000 sp ||||1| spa d
020 _a84-607-0759-8
080 _a821.134.2-84"19
100 1 _aCachafeiro Gil, Raquel.
_933351
245 1 3 _aEl libro de caras de árboles, plantas y arbustos /
_cRaquel Cachafeiro Gil.
260 _a[Majadahonda (Mar Egeo, 46)] :
_bR. Cachafeiro,
_c[2000]
300 _a132 p. :
_bprincipalmente il. col. ;
_c30 cm.
852 _aES-MaACL
_jL-24264
_bR.129587
999 _c17489
_d17489